Marketingové poňatie spoločenskej zodpovednosti firiem

Spoločenská zodpovednosť firiem. Prínosy konceptu spoločenskej zodpovednosti firiem. Faktory pôsobiace na koncept spoločenskej zodpovednosti firiem. Vplyv spoločenskej zodpovednosti na marketing firmy. Vzťah medzi spoločenskou zodpovednosťou firmy a dizajnom výrobku. Vzťah medzi spoločenskou zodpove...

Description complète

Enregistré dans:
Détails bibliographiques
Auteur principal: Chomová, Katarína, 1983-
Format: Chapitre de livre
Langue:slovaque
Sujets:
Tags: Ajouter un tag
Pas de tags, Soyez le premier à ajouter un tag!

MARC

LEADER 00000nla$a2200000$$$4500
001 0116855
005 20240502072313.7
041 0 |a slo 
044 |a SK 
245 1 0 |a Marketingové poňatie spoločenskej zodpovednosti firiem  |c Katarína Chomová 
520 |a Spoločenská zodpovednosť firiem. Prínosy konceptu spoločenskej zodpovednosti firiem. Faktory pôsobiace na koncept spoločenskej zodpovednosti firiem. Vplyv spoločenskej zodpovednosti na marketing firmy. Vzťah medzi spoločenskou zodpovednosťou firmy a dizajnom výrobku. Vzťah medzi spoločenskou zodpovednosťou firmy a komunikáciou firmy. 
610 2 0 |a firmy 
610 2 0 |a zodpovednosť spoločenská 
610 2 0 |a nástroje marketingové 
610 2 0 |a inovácia výrobkov 
610 2 0 |a značky výrobkov 
610 2 0 |a komunikácia firemná 
100 1 |a Chomová, Katarína, 1983-